| 000 | 00866nam a2200229 i 4500 | ||
|---|---|---|---|
| 001 | 167667 | ||
| 003 | ES-MaACL | ||
| 005 | 20240129175803.0 | ||
| 008 | 140327s2013 sp |||| | spa d | ||
| 020 | _a978-84-94151-75-0 | ||
| 080 | _a929 Fabra i Fontanills, Camil | ||
| 080 | _a929.52 Fabra i Fontanills, Camil | ||
| 100 | 1 |
_aVelasco Fabra, Guillermo. _9155280 |
|
| 245 | 1 | 3 |
_aLa familia de Camilo Fabra y Fontanills, marqués de Alella, durante el siglo XIX en España / _cGuillermo José Velasco Fabra. |
| 250 | _a1ª ed. | ||
| 260 |
_aMadrid : _bLetra Clara, _c2013. |
||
| 300 |
_a41 p. : _bil. col. y n. ; _cc22 cm. |
||
| 600 | 1 | 7 |
_aFabra i Fontanills, Camil, _d1833-1902- _xFamilia _2 _9155281 |
| 600 | 1 | 4 |
_aFabra i Fontanills, Camil, _d1833-1902 _9155282 |
| 852 |
_aES-MaACL _j1607-F-3 _z.- Ded. autogr. del autor |
||
| 999 |
_c167667 _d167667 |
||